One Piece : Personnages apparus dans le plus grand nombre de chapitres - Statistiques

Statistiques générales
  • Ce quiz a été pris 2 594 fois
  • Le résultat moyen est 46 sur 101
Statistiques - réponses
Rang Hint Réponse % Correct
1 862 Monkey D Luffy
100%
2 644 Nami
99%
3 624 Roronoa Zoro
99%
4 590 Vinsmoke Sanji
98%
7 450 Nico Robin
97%
6 521 Tony Tony Chopper
97%
8 311 Cutty Flam (Franky)
96%
9 264 Brook
95%
5 576 Usopp
95%
11 164 Jinbe
93%
19 79 Portgas D Ace
91%
14 117 Charlotte Linlin
88%
21 74 Kaido
88%
15 108 Donquixote Doflamingo
86%
53 50 Edward Newgate
84%
21 74 Crocodile
83%
64 47 Monkey D Garp
83%
10 186 Trafalgar D Water Law
83%
28 69 Eustass Kid
79%
30 68 Baggy
78%
87 42 Kuzan
77%
15 108 Nefertari Vivi
75%
97 39 Borsalino
71%
67 46 Boa Hancock
68%
81 43 Gecko Moria
68%
13 120 Kozuki Momonosuke
67%
12 158 Kinemon
66%
34 62 Marco
65%
24 71 Rob Lucci
61%
24 71 Smoker
59%
51 52 Sengoku
58%
87 42 Bentham
57%
34 62 Kaku
55%
20 76 Caesar Clown
54%
18 102 Carrot
52%
71 45 Killer
52%
37 60 Queen
52%
60 48 Emporio Ivankov
49%
21 74 Kurozumi Kanjuro
49%
32 66 Rebecca
49%
31 67 Tashigi
48%
92 40 Basil Hawkins
47%
71 45 Capone Bege
45%
58 49 Galdino
44%
78 44 Isshô
43%
81 43 X Drake
43%
64 47 Yamato
43%
44 55 Pedro
42%
37 60 Bartolomeo
41%
71 45 Bepo
41%
48 53 Khalifa
40%
28 69 Raizo
40%
24 71 Inuarashi
39%
39 59 Nekomamushi
38%
60 48 Cavendish
35%
60 48 Charlotte Perospero
35%
89 41 Iceburg
35%
92 40 Trebol
35%
89 41 Diamante
34%
71 45 Shiraoshi
34%
97 39 Blueno
33%
81 43 Neptune
33%
53 50 O-Tama
33%
24 71 O-Kiku
32%
53 50 Izô
31%
34 62 Kyros
31%
48 53 Violet
30%
92 40 Bellamy
29%
60 48 Léo
28%
52 51 Denjiro
27%
71 45 Kurozumi Orochi
27%
97 39 Jesus Burgess
24%
58 49 Kaloo
24%
33 63 Kawamatsu
23%
44 55 Octo
23%
71 45 Baby 5
22%
40 58 Pauly
22%
92 40 Charlotte Brûlée
21%
81 43 Don Chinjâo
21%
64 47 Sai
20%
53 50 Ashura Doji
19%
81 43 Kozuki Hiyori
18%
67 46 Camie
16%
47 54 Hyogoro
15%
48 53 Kokoro
15%
44 55 Shinobu
13%
53 50 Zeus
13%
92 40 Pappug
12%
17 105 Napoléon
10%
67 46 Chimney
9%
97 39 Penguin
9%
40 58 Prométhée
9%
71 45 Kiwi
8%
78 44 Mozu
7%
81 43 Gan Forr
6%
78 44 Gonbe
6%
97 39 Shachi
6%
67 46 Zambai
6%
42 56 Hattori
4%
89 41 Pierre
4%
42 56 Riku Doldo III
4%
Aucun quiz correspondant
Distribution des résultats
% des personnes avec chaque résultat
Percentile par nombre de réponses
Votre historique - résultats
Vous n’avez pas pris ce quiz